| 000 | 008260000a22002530004500 | ||
|---|---|---|---|
| 003 | LK-CoMWRAF | ||
| 005 | 20231109113805.0 | ||
| 008 | 230817t1994 ||||| |||| 00| 0 eng d | ||
| 020 | _a0521418682 | ||
| 040 |
_aLK-CoMWRAF _dLK-CoMWRAF _eLK-CoMWRAF |
||
| 041 | _aeng | ||
| 082 |
_a 323.4 _bAGA |
||
| 100 | _aAgarwal, Bina | ||
| 245 |
_aA field of one's own _b:gender and land rights in South Asia |
||
| 260 |
_aCambridge: _bCambridge University Press, _c1994 |
||
| 300 |
_axxi, 572 p. : maps ; 24 cm. _bBibliography and Index included |
||
| 490 | _aCambridge South Asian Studies | ||
| 650 | _aLand tenure-South Asia. | ||
| 653 | _aLand reform-South Asia. | ||
| 653 | _aRight of property-South Asia. | ||
| 653 | _aWomen's rights-South Asia. | ||
| 653 | _aRural women-South Asia-Economic conditions | ||
| 942 | _cBK | ||
| 999 |
_c1847 _d1847 |
||